Combinatorial patterns for maps of the interval

Saved in:
Bibliographic Details
Main Author: Misiurewicz, Michal 1948-
Other Authors: Nitecki, Zbigniew
Format: Book
Language:English
Published: Providence, R.I. : American Mathematical Society, c1991
Series:Memoirs of the American Mathematical Society ; ; 456
Subjects:
Tags: Add Tag
No Tags, Be the first to tag this record!

MARC

LEADER 00000cam a2200000 i 4500
001 1/51420
008 941103s1991 eng d
020 |a 0821825135 
035 |l 10044136 
040 |a GR-MY-UA  |b gre  |e aacr 
041 0 |a eng 
082 0 |a 511.33  |2 (20) 
100 1 |a Misiurewicz, Michal  |d 1948- 
245 1 0 |a Combinatorial patterns for maps of the interval /  |c Micha? Misiurewicz, Zbigniew Nitecki 
260 |a Providence, R.I. :   |b American Mathematical Society,   |c c1991 
300 |a v, 112 p.;  |b ill.;  |c 26 cm 
490 1 |a Memoirs of the American Mathematical Society  |v ; 456 
500 |a "November 1991, volume 94 (second of 4 numbers)." 
504 |a Includes bibliographical references (p. 109-110) 
650 0 0 |a Mappings (Mathematics) 
650 0 0 |a Combinatorial analysis. 
650 0 0 |a Algebraic cycles. 
700 1 |a Nitecki, Zbigniew. 
830 0 |a Memoirs of the American Mathematical Society ;  |v ; 456 
852 |a INST  |b SAMOS  |e 19941103  |h 511.33 MIS  |p 005300002505  |q 005300002505  |t BK  |y 0 
909 |a Σ  |b 030163